| 000 | 00815cam a2200217 4500 | ||
|---|---|---|---|
| 001 | WB3634-18 | ||
| 008 | 000000n2000 000 0 eng u | ||
| 035 | _a(Sirsi) u108048 | ||
| 245 | _aGLA housing proposals | ||
| 260 | _c2000 | ||
| 490 |
_aMunicipal Journal _v25 August 2000, 4(1) |
||
| 520 | _aArticle discusses the Greater London Authority's affordable housing proposals. Among the proposals, the GLA suggests that London authorities should be given the right to turn down right to buy schemes in areas lacking in affordable housing. GLA consultation available via the GLA website www.london.gov.uk. | ||
| 590 | _aWB | ||
| 650 | _aRIGHT TO BUY | ||
| 650 | _aGREATER LONDON AUTHORITY | ||
| 650 | _aGLA | ||
| 650 | _aSOCIAL HOUSING | ||
| 650 | _aHOUSING POLICY | ||
| 690 | _aHOUSING | ||
| 942 | _n0 | ||
| 999 |
_c64550 _d64550 |
||